| 000 | 01763nam a2200373 a 4500 | ||
|---|---|---|---|
| 001 | 000043530 | ||
| 003 | DO-SdBNP | ||
| 005 | 20260428073714.0 | ||
| 008 | 140324s2009 dr 000 0 spa d | ||
| 020 | _a9789945412338 | ||
| 040 |
_aDO-SdBNP _bspa _cBNPHU |
||
| 082 | 4 |
_a RD863.44 _bP925p |
|
| 111 | 2 |
_aPremio Funglode Cuento _d(2008: _cSanto Domingo) _971281 |
|
| 245 | 1 | 0 | _aPremio de cuento Juan Bosch . |
| 260 |
_aSanto Domingo : _bFUNGLODE, _c2009. |
||
| 300 |
_a91 p. ; _c26 cm. |
||
| 490 | 0 |
_aPremios Funglode/ 2008 _acuento |
|
| 505 | 0 |
_gPrimer lugar _tMenú para dos / _rGerhard Viktor Schmidt Haberl -- _gSegundo lugar _tYo sé que no tiene sentido, pero igual / _rDanilo A. Rodríguez -- _gtercer lugar -- _tOir y nada decir / _rAlexis Gómez Rosa -- _gprimera mensión -- _tLas tres y un cuarto / _rWilly Suriel, -- _gsegunda mensión -- _tSeis Balas en el tambor -- _rJosé Carlos Nazario -- _gTercera mesión -- _tProud _rGladys Francina Martínez Álvarez, |
|
| 586 | _aPremios Funglode 2008 | ||
| 590 | _aInventariado, 2019/VM | ||
| 650 | 1 | 0 |
_aCuentos dominicanos _9176 |
| 650 | 1 | 0 |
_aLiteratura dominicana. _967 |
| 650 | 1 | 4 |
_aCertámenes literarios _91541 |
| 650 | 1 | 0 |
_aPremios literarios _91542 |
| 700 | 1 | 2 |
_aSchmidt Haberl, Gerhard Viktor _cMenú para dos _971282 |
| 700 | 1 | 2 |
_aRodríguez, Danilo A. _cYo sé que no tiene sentido, pero igual _971283 |
| 700 | 1 | 2 |
_aGómez Rosa, Alexis _tOir y nada decir, una mañana _971284 |
| 700 | 1 | 2 |
_aSuriel, Willy _tLas tres y un cuarto _971285 |
| 700 | 1 | 2 |
_aNazario, José Carlos _tSeis Balas en el tambor _971286 |
| 700 | 1 | 2 |
_aMartínez Álvarez, Gladys Francina _tProud _971287 |
| 710 | 2 |
_aFundación Global Democracía y Desarrollo _925477 |
|
| 910 | _aValidado. Control de calidad MFF | ||
| 942 |
_2ddc _cLBS1 |
||
| 999 |
_c43019 _d43019 |
||